000
00265nam a22001217a 4500
008
170529b xxu||||| |||| 00| 0 eng d
041
_a
eng
080
_a
62
100
_a
27
101
_a
IM
245
_a
GEOLOGY FOR ENGINEERS
_c
TREFETHEN.J/M
942
_2
udc
_c
BK
999
_c
14855
_d
14855